000 00331nam a2200133Ia 4500
005 20251222144651.0
008 251222s9999||||xx |||||||||||||| ||spa||
020 _a968-16-0173-4
082 _a891.86/H66A
100 _aHoffmann, Werner
245 0 _aLos Aforismos de Kafka
264 _bFondo de Cultura Económica
942 _cLIB
999 _c17047
_d17047